Renewable energy : (Record no. 355409)
[ view plain ]
| 000 -LEADER | |
|---|---|
| fixed length control field | 01417cam a22003617a 4500 |
| 001 - CONTROL NUMBER | |
| control field | 17712392 |
| 003 - CONTROL NUMBER IDENTIFIER | |
| control field | Nust- CAS-E |
| 005 - DATE AND TIME OF LATEST TRANSACTION | |
| control field | 20180118181401.0 |
| 008 - FIXED-LENGTH DATA ELEMENTS--GENERAL INFORMATION | |
| fixed length control field | 130426s2013 gw ab b 001 0 eng d |
| 010 ## - LIBRARY OF CONGRESS CONTROL NUMBER | |
| LC control number | 2012540474 |
| 020 ## - INTERNATIONAL STANDARD BOOK NUMBER | |
| International Standard Book Number | 9783527411870 |
| 020 ## - INTERNATIONAL STANDARD BOOK NUMBER | |
| International Standard Book Number | 3527411879 |
| 035 ## - SYSTEM CONTROL NUMBER | |
| System control number | (OCoLC)ocn826677031 |
| 040 ## - CATALOGING SOURCE | |
| Original cataloging agency | BTCTA |
| Language of cataloging | eng |
| Transcribing agency | CUD |
| Modifying agency | OCLCO |
| -- | YDXCP |
| -- | IUI |
| -- | BWX |
| -- | DLC |
| 042 ## - AUTHENTICATION CODE | |
| Authentication code | lccopycat |
| 050 00 - LIBRARY OF CONGRESS CALL NUMBER | |
| Classification number | TJ808 |
| Item number | .R452 2013 |
| 082 ## - DEWEY DECIMAL CLASSIFICATION NUMBER | |
| Classification number | 333.79 |
| Author Mark | REN 2013 |
| 245 00 - TITLE STATEMENT | |
| Title | Renewable energy : |
| Remainder of title | sustainable concepts for the energy change / |
| Statement of responsibility, etc. | edited by Roland Wengenmayr and Thomas Bührke. |
| 250 ## - EDITION STATEMENT | |
| Edition statement | 2nd ed. |
| 260 ## - PUBLICATION, DISTRIBUTION, ETC. | |
| Place of publication, distribution, etc. | Weinheim : |
| Name of publisher, distributor, etc. | Wiley-VCH, |
| Date of publication, distribution, etc. | c2013. |
| 300 ## - PHYSICAL DESCRIPTION | |
| Extent | vi, 164 p. : |
| Other physical details | col. ill., col. maps ; |
| Dimensions | 29 cm. |
| 500 ## - GENERAL NOTE | |
| General note | Original ed. : c2008. |
| 504 ## - BIBLIOGRAPHY, ETC. NOTE | |
| Bibliography, etc. note | Includes bibliographical references and index. |
| 650 #0 - SUBJECT ADDED ENTRY--TOPICAL TERM | |
| Topical term or geographic name entry element | Renewable energy sources. |
| 700 1# - ADDED ENTRY--PERSONAL NAME | |
| Personal name | Wengenmayr, Roland. |
| 700 1# - ADDED ENTRY--PERSONAL NAME | |
| Personal name | Bührke, Thomas, |
| Dates associated with a name | 1956- |
| 856 42 - ELECTRONIC LOCATION AND ACCESS | |
| Materials specified | Contributor biographical information |
| Uniform Resource Identifier | <a href="http://www.loc.gov/catdir/enhancements/fy1310/2012540474-b.html">http://www.loc.gov/catdir/enhancements/fy1310/2012540474-b.html</a> |
| 856 42 - ELECTRONIC LOCATION AND ACCESS | |
| Materials specified | Publisher description |
| Uniform Resource Identifier | <a href="http://www.loc.gov/catdir/enhancements/fy1310/2012540474-d.html">http://www.loc.gov/catdir/enhancements/fy1310/2012540474-d.html</a> |
| 856 41 - ELECTRONIC LOCATION AND ACCESS | |
| Materials specified | Table of contents only |
| Uniform Resource Identifier | <a href="http://www.loc.gov/catdir/enhancements/fy1310/2012540474-t.html">http://www.loc.gov/catdir/enhancements/fy1310/2012540474-t.html</a> |
| 906 ## - LOCAL DATA ELEMENT F, LDF (RLIN) | |
| a | 7 |
| b | cbc |
| c | copycat |
| d | 2 |
| e | ncip |
| f | 20 |
| g | y-gencatlg |
| 942 ## - ADDED ENTRY ELEMENTS (KOHA) | |
| Source of classification or shelving scheme | |
| Koha item type | Book |
| Withdrawn status | Lost status | Source of classification or shelving scheme | Damaged status | Not for loan | Collection code | Permanent Location | Current Location | Shelving location | Date acquired | Source of acquisition | Cost, normal purchase price | Total Checkouts | Full call number | Barcode | Date last seen | Price effective from | Koha item type | Copy number |
|---|---|---|---|---|---|---|---|---|---|---|---|---|---|---|---|---|---|---|
| US-Pakistan Center for Advanced Studies in Energy (USPCAS-E) | US-Pakistan Center for Advanced Studies in Energy (USPCAS-E) | General Stacks | 05/28/2013 | Progressive Int. | 3288.43 | 621.042 REN 2013 | CAS-E0000332 | 08/19/2014 | 08/19/2014 | Book | ||||||||
| US-Pakistan Center for Advanced Studies in Energy (USPCAS-E) | US-Pakistan Center for Advanced Studies in Energy (USPCAS-E) | 10/29/2015 | Multiline Books | 3479.00 | 621.042 REN 2013 | CAS-E0000560 | 10/29/2015 | 10/29/2015 | Book | 1 |
